[Event "CZE-chT2C 2223"]
[Site "Czech Republic"]
[Date "2022.10.16"]
[Round "1.5"]
[White "Zima, Jan"]
[Black "Duczynski, Martin"]
[Result "0-1"]
[WhiteElo "2128"]
[BlackElo "2111"]
[PlyCount "136"]
[EventDate "2022.10.16"]
[EventType "team-tourn"]
[EventRounds "11"]
[EventCountry "CZE"]
[SourceTitle "EXT 2024"]
[Source "ChessBase"]
[SourceDate "2023.10.10"]
[SourceVersion "1"]
[SourceVersionDate "2023.10.10"]
[SourceQuality "1"]
[WhiteTeam "Turnov Zikuda II"]
[BlackTeam "Jicin"]
[WhiteTeamCountry "CZE"]
[BlackTeamCountry "CZE"]

1. e4 d5 2. exd5 Nf6 3. Bb5+ Bd7 4. Bc4 Bg4 5. f3 Bc8 6. Nc3 Nbd7 7. d4 Nb6 8. Bb3 Nbxd5 9. Nxd5 Nxd5 10. c4 Nf6 11. Ne2 e6 12. 0-0 Be7 13. Be3 0-0 14. Qd2 c5 15. Rad1 Qc7 16. dxc5 Bxc5 17. Bxc5 Qxc5+ 18. Qd4 Qxd4+ 19. Nxd4 Bd7 20. Rfe1 Rfd8 21. Bc2 Kf8 22. b3 Be8 23. Kf2 Rac8 24. g4 g6 25. h4 Ke7 26. g5 Nh5 27. Ke3 b5 28. cxb5 Rxd4 29. Rxd4 Rxc2 30. Ra4 Rc7 31. Rb4 Rb7 32. a4 a6 33. Rc1 axb5 34. axb5 Ng3 35. b6 Nf5+ 36. Kf4 Bd7 37. Rc7 Rb8 38. Ra7 Kd6 39. b7 Ne7 40. Ra8 Kc7 41. Rc4+ Nc6 42. Rxb8 Kxb8 43. b4 e5+ 44. Ke4 Bf5+ 45. Ke3 Kxb7 46. Rc5 Kb6 47. Rd5 Be6 48. Rc5 Nxb4 49. Rxe5 Nd5+ 50. Kf2 Kc6 51. Re1 Ne7 52. h5 Kd6 53. hxg6 hxg6 54. Kg3 Bd5 55. Kg4 Nf5 56. f4 Kc5 57. Re5 Kd4 58. Re8 Be6 59. Kf3 Bd5+ 60. Kg4 Be4 61. Re5 Ke3 62. Re8 Nd6 63. Re7 Kf2 64. f5 Bxf5+ 65. Kf4 Be6 66. Rxe6 fxe6 67. Ke5 Nf7+ 68. Kxe6 Nh8 0-1

[Event "CZE-chT2D 1314"]
[Site "Czech Republic"]
[Date "2014.01.19"]
[Round "6.6"]
[White "Duczynski, Martin"]
[Black "Zeman, Arnost"]
[Result "1/2-1/2"]
[WhiteElo "2145"]
[BlackElo "1993"]
[PlyCount "51"]
[EventDate "2013.11.03"]
[EventType "team-tourn"]
[EventRounds "11"]
[EventCountry "CZE"]
[SourceTitle "EXT 2016"]
[Source "ChessBase"]
[SourceDate "2015.10.08"]
[SourceVersion "1"]
[SourceVersionDate "2015.10.08"]
[SourceQuality "1"]
[WhiteTeam "Jicin II"]
[BlackTeam "Policka"]
[WhiteTeamCountry "CZE"]
[BlackTeamCountry "CZE"]

1. d4 Nf6 2. Bg5 d5 3. e3 Nbd7 4. Bd3 e5 5. dxe5 Nxe5 6. Nf3 Nxd3+ 7. Qxd3 Be7 8. Nc3 c6 9. 0-0-0 0-0 10. h3 b5 11. Nd4 Bd7 12. Nf5 Bxf5 13. Qxf5 b4 14. Bxf6 Bxf6 15. Ne4 Be7 16. Kb1 g6 17. Qf4 Qb8 18. Nf6+ Kg7 19. Qxb8 Rfxb8 20. Nd7 Rd8 21. Ne5 Rdc8 22. Rd2 f6 23. Nf3 Kf7 24. Rhd1 a6 25. Nd4 Bc5 26. Rd3 1/2-1/2

[Event "CZE-chT1W 1213"]
[Site "Czech Republic"]
[Date "2013.02.24"]
[Round "8.8"]
[White "Krouzel, Jaroslav"]
[Black "Duczynski, Martin"]
[Result "1-0"]
[WhiteElo "2153"]
[BlackElo "2150"]
[PlyCount "91"]
[EventDate "2012.10.28"]
[EventType "team-tourn"]
[EventRounds "11"]
[EventCountry "CZE"]
[SourceTitle "EXT 2014"]
[Source "ChessBase"]
[SourceDate "2013.11.20"]
[SourceVersion "1"]
[SourceVersionDate "2013.11.20"]
[SourceQuality "1"]
[WhiteTeam "Pankrac"]
[BlackTeam "Jicin"]
[WhiteTeamCountry "CZE"]
[BlackTeamCountry "CZE"]

1. d4 d5 2. Nf3 Nf6 3. c4 c6 4. Nc3 g6 5. Bf4 Bg7 6. e3 0-0 7. Bd3 Bg4 8. h3 Bxf3 9. Qxf3 dxc4 10. Bxc4 e6 11. 0-0 Nd5 12. Bg3 Nd7 13. Rfd1 N7b6 14. Bb3 Qe7 15. Rac1 Rfd8 16. e4 Nxc3 17. bxc3 c5 18. e5 Bh6 19. Rb1 cxd4 20. Rxd4 Rxd4 21. cxd4 Rd8 22. Qg4 Qg5 23. Qxg5 Bxg5 24. f4 Bh6 25. Rd1 Nd5 26. Bh4 Rc8 27. g3 Ne3 28. Rd3 Nd5 29. Bxd5 exd5 30. Rb3 b6 31. Rb5 Kf8 32. Rxd5 Ke8 33. a4 Bf8 34. a5 Be7 35. Bxe7 Kxe7 36. axb6 axb6 37. Rb5 Rb8 38. d5 Kd7 39. Kf2 Kc7 40. g4 Ra8 41. f5 gxf5 42. gxf5 f6 43. e6 Kd6 44. Rxb6+ Kxd5 45. e7 Re8 46. Re6 1-0

[Event "CZE-chT1W 1213"]
[Site "Czech Republic"]
[Date "2012.11.25"]
[Round "3.8"]
[White "Duczynski, Martin"]
[Black "Stejskal, Pavel"]
[Result "1/2-1/2"]
[WhiteElo "2150"]
[BlackElo "2032"]
[PlyCount "46"]
[EventDate "2012.10.28"]
[EventType "team-tourn"]
[EventRounds "11"]
[EventCountry "CZE"]
[SourceTitle "CBM 151 Extra"]
[Source "ChessBase"]
[SourceDate "2012.12.18"]
[SourceVersion "1"]
[SourceVersionDate "2012.12.18"]
[SourceQuality "1"]
[WhiteTeam "Jicin"]
[BlackTeam "Praha Kobylisy"]
[WhiteTeamCountry "CZE"]
[BlackTeamCountry "CZE"]

1. d4 Nf6 2. Bg5 d5 3. e3 e6 4. Bd3 c5 5. dxc5 Bxc5 6. c3 Nbd7 7. Nf3 0-0 8. 0-0 b6 9. Nbd2 Bb7 10. Nb3 Bd6 11. Re1 Nc5 12. Nxc5 Bxc5 13. a4 a5 14. Qe2 Rc8 15. Ne5 Be7 16. Bb5 Qc7 17. Bxf6 Bxf6 18. Nd7 Rfd8 19. Nxf6+ gxf6 20. Qg4+ Kh8 21. Qd4 Kg7 22. Qg4+ Kh8 23. Qh4 Kg7 1/2-1/2

[Event "CZE-chT1W 1112"]
[Site "Czech Republic"]
[Date "2012.02.12"]
[Round "8.8"]
[White "Duczynski, Martin"]
[Black "Vacek, Martin"]
[Result "1-0"]
[WhiteElo "2139"]
[BlackElo "2259"]
[PlyCount "91"]
[EventDate "2011.10.02"]
[EventType "team-tourn"]
[EventRounds "11"]
[EventCountry "CZE"]
[SourceTitle "EXT 2013"]
[Source "ChessBase"]
[SourceDate "2012.11.22"]
[SourceVersion "1"]
[SourceVersionDate "2012.11.22"]
[SourceQuality "1"]
[WhiteTeam "Jicin"]
[BlackTeam "Hradec Kralove"]
[WhiteTeamCountry "CZE"]
[BlackTeamCountry "CZE"]

1. d4 d6 2. e4 Nf6 3. Nc3 g6 4. Be3 c6 5. Qd2 b5 6. Bd3 Nbd7 7. Nf3 Nb6 8. b3 h6 9. h3 Bg7 10. 0-0 a5 11. Ne2 d5 12. e5 Ne4 13. Qc1 Bf5 14. Nh2 f6 15. g4 fxe5 16. gxf5 gxf5 17. f4 exd4 18. Bxd4 Bxd4+ 19. Nxd4 Rg8+ 20. Ng4 fxg4 21. Qe3 gxh3+ 22. Kh1 Qd7 23. Bxe4 dxe4 24. Qxe4 Qd5 25. Rae1 Rg6 26. f5 Rf6 27. Ne6 Rc8 28. Kh2 Qxe4 29. Rxe4 Nd5 30. c4 Nc7 31. Nc5 Kf7 32. Kxh3 Ne8 33. Nd7 Rd6 34. Ne5+ Kg7 35. Rg1+ Kh7 36. Ng6 e5 37. Nf8+ Kh8 38. Ng6+ Kh7 39. Nf8+ Kh8 40. Ng6+ Kh7 41. Rxe5 Rd3+ 42. Kh2 Rd2+ 43. Kh1 Nd6 44. Re7+ Kg8 45. Rd7 Re8 46. f6 1-0

[Event "CZE-chT2C 1112"]
[Site "Czech Republic"]
[Date "2012.02.05"]
[Round "7.7"]
[White "Janda, Jiri"]
[Black "Duczynski, Martin"]
[Result "1/2-1/2"]
[WhiteElo "2232"]
[BlackElo "2139"]
[PlyCount "90"]
[EventDate "2011.10.09"]
[EventType "team-tourn"]
[EventRounds "11"]
[EventCountry "CZE"]
[SourceTitle "EXT 2013"]
[Source "ChessBase"]
[SourceDate "2012.11.22"]
[SourceVersion "1"]
[SourceVersionDate "2012.11.22"]
[SourceQuality "1"]
[WhiteTeam "Kobylisy"]
[BlackTeam "Jicin II"]
[WhiteTeamCountry "CZE"]
[BlackTeamCountry "CZE"]

1. e4 d5 2. exd5 Nf6 3. d4 Nxd5 4. c4 Nb6 5. c5 N6d7 6. Bc4 e6 7. Nf3 Be7 8. 0-0 0-0 9. Re1 Nc6 10. Bf4 b6 11. Qa4 Bb7 12. Bb5 Ndb8 13. Nc3 a6 14. Bf1 b5 15. Qd1 Nb4 16. a4 bxa4 17. Rxa4 a5 18. Nb5 Nd5 19. Bg3 Nc6 20. Qd2 Bf6 21. Bc4 Rc8 22. Ne5 Bxe5 23. Bxe5 Ndb4 24. Ra3 Nxe5 25. Rxe5 Qf6 26. Re1 Rfd8 27. Rd1 Nc6 28. Rf3 Qh4 29. Rf4 Qh6 30. Qe3 Ne7 31. Rg4 Qxe3 32. fxe3 Bd5 33. Bd3 f5 34. Rg3 Nc6 35. Nc3 Nb4 36. Nxd5 Nxd5 37. Rf3 g6 38. e4 fxe4 39. Bxe4 c6 40. Ra3 Rb8 41. Rd2 Rb5 42. Bf3 Nb4 43. Re3 Rxc5 44. Rxe6 Rc4 45. Re5 Rdxd4 1/2-1/2

[Event "CZE-chT2C 1112"]
[Site "Czech Republic"]
[Date "2012.01.08"]
[Round "5.6"]
[White "Duczynski, Martin"]
[Black "Travnik, Petr"]
[Result "1-0"]
[WhiteElo "2139"]
[BlackElo "1810"]
[PlyCount "85"]
[EventDate "2011.10.09"]
[EventType "team-tourn"]
[EventRounds "11"]
[EventCountry "CZE"]
[SourceTitle "EXT 2013"]
[Source "ChessBase"]
[SourceDate "2012.11.22"]
[SourceVersion "1"]
[SourceVersionDate "2012.11.22"]
[SourceQuality "1"]
[WhiteTeam "Jicin II"]
[BlackTeam "Turnov Zikuda III"]
[WhiteTeamCountry "CZE"]
[BlackTeamCountry "CZE"]

1. d4 Nf6 2. Bg5 c5 3. dxc5 Qa5+ 4. c3 Qxc5 5. Nf3 d5 6. Nbd2 Nbd7 7. e3 h6 8. Bxf6 Nxf6 9. Bd3 a6 10. 0-0 e6 11. c4 Be7 12. Rc1 0-0 13. Qb3 Rb8 14. Rfd1 Bd7 15. cxd5 Qxd5 16. Qxd5 Nxd5 17. Ne5 Be8 18. Be4 f6 19. Bxd5 exd5 20. Nef3 Bc6 21. Nd4 Rfc8 22. Kf1 Bd7 23. Nb1 Rxc1 24. Rxc1 Rc8 25. Rxc8+ Bxc8 26. Nc3 Kf7 27. Nxd5 Bd6 28. h3 b5 29. a3 Bb7 30. Nb4 Be5 31. Nd3 Bd6 32. f3 g6 33. Ke2 f5 34. b4 Kf6 35. Nb3 g5 36. Ndc5 Bc8 37. e4 f4 38. Nd4 h5 39. Nc6 Bxc5 40. bxc5 g4 41. hxg4 hxg4 42. Na7 Be6 43. c6 1-0

[Event "Pardubice tt"]
[Site "Pardubice"]
[Date "2009.07.19"]
[Round "7"]
[White "Varitski, Igor"]
[Black "Duczynski, Martin"]
[Result "1-0"]
[WhiteElo "2359"]
[BlackElo "2135"]
[PlyCount "67"]
[EventDate "2009.07.16"]
[EventType "team-swiss"]
[EventRounds "7"]
[EventCountry "CZE"]
[SourceTitle "EXT 2010"]
[Source "ChessBase"]
[SourceDate "2010.11.25"]
[SourceVersion "1"]
[SourceVersionDate "2010.11.25"]
[SourceQuality "1"]

1. e4 d5 2. exd5 Nf6 3. d4 Nxd5 4. c4 Nb6 5. Nc3 e6 6. Be3 N8d7 7. Nf3 c5 8. Be2 Be7 9. dxc5 Bxc5 10. Bxc5 Nxc5 11. Qxd8+ Kxd8 12. 0-0 Nba4 13. Nxa4 Nxa4 14. b3 Nb6 15. c5 Nd7 16. Rac1 Nb8 17. Ne5 Ke7 18. Bf3 Kf6 19. Rfe1 Rd8 20. h4 Rd2 21. Rc4 Ke7 22. Rb4 Na6 23. Rxb7+ Bxb7 24. Bxb7 Nc7 25. Bxa8 Nxa8 26. a4 Nc7 27. Nc6+ Kd7 28. Nxa7 Rb2 29. c6+ Kd6 30. Nb5+ Nxb5 31. axb5 Rd2 32. Rc1 Kc7 33. b6+ Kc8 34. c7 1-0

[Event "CZE-chT2C 0809"]
[Site "Czech Republic"]
[Date "2009.02.22"]
[Round "9.4"]
[White "Zahorbensky, Jaroslav"]
[Black "Duczynski, Martin"]
[Result "1/2-1/2"]
[WhiteElo "2145"]
[BlackElo "2125"]
[PlyCount "102"]
[EventDate "2008.10.12"]
[EventType "team-tourn"]
[EventRounds "11"]
[EventCountry "CZE"]
[SourceTitle "EXT 2010"]
[Source "ChessBase"]
[SourceDate "2010.11.25"]
[SourceVersion "1"]
[SourceVersionDate "2010.11.25"]
[SourceQuality "1"]
[WhiteTeam "Mlada Boleslav"]
[BlackTeam "Jicin"]
[WhiteTeamCountry "CZE"]
[BlackTeamCountry "CZE"]

1. e4 d5 2. exd5 Nf6 3. d4 Nxd5 4. Bc4 Nc6 5. c3 Nb6 6. Bb3 Bf5 7. Nf3 e6 8. Bf4 Bd6 9. Bg3 Qe7 10. Qe2 0-0-0 11. Nbd2 Nd5 12. Nc4 Bxg3 13. hxg3 h6 14. Ba4 Ncb4 15. Rd1 c6 16. Bb3 Na6 17. Nce5 Nac7 18. Nh4 Bh7 19. Qh5 Rhf8 20. 0-0 g5 21. Nhf3 f6 22. Nd3 Qg7 23. Nh2 Bg6 24. Qe2 h5 25. Rfe1 Bxd3 26. Rxd3 h4 27. Bxd5 Rxd5 28. g4 f5 29. Re3 Rd7 30. gxf5 exf5 31. Re7 Rxe7 32. Qxe7 Rf7 33. Qe5 Qxe5 34. Rxe5 g4 35. Nf1 Nd5 36. Ne3 Nxe3 37. Rxe3 Kd7 38. f4 gxf3 39. Rxf3 Ke6 40. Rf4 Rh7 41. Rf3 Rg7 42. Kf2 Kf6 43. Re3 Rh7 44. Rd3 f4 45. d5 cxd5 46. Rxd5 h3 47. gxh3 Rxh3 48. Rb5 b6 49. a4 Ke6 50. a5 bxa5 51. Rxa5 Rh2+ 1/2-1/2

[Event "CZE-chTV 0001"]
[Site "Czech Republic"]
[Date "2000.??.??"]
[Round "4"]
[White "Bernard, Borek"]
[Black "Duczynski, Martin"]
[Result "1/2-1/2"]
[WhiteElo "2040"]
[BlackElo "2205"]
[PlyCount "156"]
[EventDate "2000.??.??"]
[EventType "team"]
[EventRounds "11"]
[EventCountry "CZE"]
[SourceTitle "EXT 2002"]
[Source "ChessBase"]
[SourceDate "2001.11.25"]
[SourceVersion "1"]
[SourceVersionDate "2001.11.25"]
[SourceQuality "1"]

1. e4 d5 2. exd5 Qxd5 3. Nc3 Qa5 4. Bc4 c6 5. d3 Nf6 6. Nge2 Bf5 7. Bd2 Qd8 8. Ng3 Bg6 9. Qe2 e6 10. h4 h6 11. h5 Bh7 12. Nge4 Nbd7 13. Rh3 Qc7 14. Rg3 0-0-0 15. 0-0-0 Rg8 16. Rf3 Bf5 17. Bf4 Qa5 18. Rg3 Bxe4 19. Nxe4 Qxh5 20. Qe3 Nxe4 21. Qxe4 Nf6 22. Qe3 Qc5 23. Qe1 Qb6 24. Rf3 Nd5 25. Be5 Rd7 26. Qe4 g6 27. Bd4 Qc7 28. Rh1 h5 29. Bb3 Bg7 30. Bxg7 Rxg7 31. Qd4 Rg8 32. Qxa7 Qe5 33. Qa8+ Qb8 34. Qxb8+ Kxb8 35. Rh4 Kc7 36. Kd2 Kd6 37. c4 Nb6 38. Rd4+ Ke7 39. Rxd7+ Nxd7 40. d4 Rd8 41. Kc3 Nf6 42. Bc2 Ng4 43. b4 f5 44. a4 g5 45. b5 h4 46. a5 cxb5 47. cxb5 Nf6 48. Kc4 Rc8+ 49. Kb3 g4 50. Re3 Kd6 51. Re1 Nd5 52. Rh1 Rh8 53. Bd3 h3 54. gxh3 Rxh3 55. Rxh3 gxh3 56. Be2 Nf6 57. Bf1 h2 58. Bg2 Kc7 59. f3 Nh5 60. Kc4 Ng3 61. d5 exd5+ 62. Kxd5 h1Q 63. Bxh1 Nxh1 64. Ke5 Ng3 65. a6 b6 66. f4 Ne2 67. Kxf5 Nd4+ 68. Ke5 Nxb5 69. f5 Na7 70. f6 Kd7 71. Kd5 Ke8 72. Kd6 Kf7 73. Kc7 b5 74. Kb7 b4 75. Kxa7 b3 76. Ka8 b2 77. a7 Kxf6 78. Kb8 b1Q+ 1/2-1/2

[Event "CZE-chTV 0001"]
[Site "Czech Republic"]
[Date "2000.??.??"]
[Round "5"]
[White "Buchar, Petr"]
[Black "Duczynski, Martin"]
[Result "1-0"]
[WhiteElo "2035"]
[BlackElo "2040"]
[PlyCount "75"]
[EventDate "2000.??.??"]
[EventType "team"]
[EventRounds "11"]
[EventCountry "CZE"]
[SourceTitle "EXT 2002"]
[Source "ChessBase"]
[SourceDate "2001.11.25"]
[SourceVersion "1"]
[SourceVersionDate "2001.11.25"]
[SourceQuality "1"]

1. f4 d5 2. g3 c6 3. Nf3 Bf5 4. Bg2 Qc8 5. d3 Bh3 6. 0-0 Bxg2 7. Kxg2 Nf6 8. Qe1 Na6 9. c3 Qc7 10. Be3 e6 11. Bg1 Bd6 12. Nbd2 h5 13. e4 dxe4 14. dxe4 Bc5 15. e5 Ng4 16. Ne4 Be7 17. Rd1 0-0 18. Qe2 b5 19. Nd4 g6 20. Rd2 Kg7 21. Rfd1 Rad8 22. a4 Nb8 23. axb5 c5 24. Nb3 Rxd2 25. Rxd2 c4 26. Nd4 Rd8 27. Kf1 Nh6 28. Qd1 Rd5 29. Qa4 a6 30. b6 Qc8 31. Nc2 Rxd2 32. Nxd2 Qd8 33. Nd4 Nd7 34. Nxc4 Nc5 35. Qc6 Ng4 36. b4 Nb3 37. Nd6 h4 38. b7 1-0